00885naa#a2200193#i#4500001001600000005001700016011001400033100004100047102000700088200018000095210011900275215001000394608004500404675004800449700005200497700006200549700005600611856002400667RU\\bibl\12192320260514210650.4##a2658-638X##a20260319b2026####ek#y0rusy0150####ca##aRU1#aДинамические особенности профессиональной готовности сотрудников полицииeЖурнальная статья1#aМоскваcМосковский университет МВД России имени В.Я. Кикотяd2026##a5 с.##aЖурнальная статья2local##aФилософия. Психология. 1#1aБалашоваgВера Алексеевна#1aЕфимкинаgНадежда Владимировна#1aСухареваgВарвара Андреевна4#amosumvd.editorum.ru